00827nam a22001817a 450000500170000000800410001702000180005804000070007604100080008308200210009110000200011224500240013226000260015630000290018252003840021165000290059570000210062420230807142330.0230807b ||||| |||| 00| 0 eng d a9780099543039 cAL aeng 223a813.54bPATA aJames Patterson aAlex cross s trial  aUKbArrow Booksc2010 aix,496p.bPBc18x10.5cm. aFrom his grandmother, Alex Cross has heard the story of his great-uncle Abraham and his struggles for survival in the era of the Ku Klux Klan. Now, Alex passes the family tale along to his own children in a novel he's written - a novel called Trial. As a lawyer in early-twentieth-century Washington DC, Ben Corbett represen synopsis" may belong to another edition of this title. 2FictionaEnglish Fiction aDilallo, Richard